| 000 | 00707nam a2200217Ia 4500 | ||
|---|---|---|---|
| 003 | GCL | ||
| 005 | 20240530103048.0 | ||
| 008 | 140319s9999 xx 000 0 ara d | ||
| 040 |
_aGCL / _cGCL |
||
| 082 | 0 | 4 |
_a730.9 _bع ا |
| 100 | 1 | _aعبدالرحمن زكى | |
| 245 | 1 | 0 |
_aالاحجار الكريمة فى الفن والتاريخ / _cعبدالرحمن زكى |
| 260 |
_aالقاهرة : _bوزارة الثقافة والارشاد القومى ، _c1964 |
||
| 300 |
_a151 ص ؛ _c16 سم |
||
| 490 |
_aالمكتبة الثقافية _v108 |
||
| 650 | 0 | 4 | _aالجواهر |
| 650 | 0 | 4 | _aالاحجار الكريمة |
| 650 | 0 | 4 | _aالماس |
| 650 | 0 | 4 | _aالياقوت |
| 942 |
_2ddc _cBK |
||
| 999 |
_c36519 _d36519 |
||